000 00423nam a22001697a 4500
003 BD-DhUIB
005 20251105191348.0
008 251105b |||||||| |||| 00| 0 eng d
040 _aBD-DhUIB
_cBD-DhUIB
050 _a332.10954
082 _222
100 _aMishkin, Frederic S.
_91082
245 _aFinancial markets and institutions/
_cby Frederic S. Mishkin.
250 _a8th ed.
526 _aBBA.
942 _2ddc
_cBK
999 _c660
_d660